Gaming Quiz

Random Gaming or NBA Quiz

NBA 2K Videogame Covers Quiz Stats

 Plays Quiz Updated Sep 1, 2019

Score 0/32 Timer 03:00
4 Plays Today
Edition Player % Correct
NBA 2K14LeBron James
97.4%
NBA 2K19LeBron James
97.4%
NBA 2K20Anthony Davis
95.6%
NBA 2K20Dwyane Wade
95.4%
NBA 2K17Kobe Bryant
95.3%
NBA 2KAllen Iverson
94.6%
NBA 2K1Allen Iverson
94.3%
NBA 2K2Allen Iverson
94.3%
NBA 2K3Allen Iverson
94.2%
NBA 2K4Allen Iverson
94.2%
NBA 2K10Kobe Bryant
93.8%
NBA 2K13Kevin Durant
93.5%
NBA 2K15Kevin Durant
93.5%
NBA 2K16Stephen Curry
92.9%
NBA 2K18Shaquille O'Neal
91.5%
NBA 2K16James Harden
90.8%
Edition Player % Correct
NBA 2K6Shaquille O'Neal
90.8%
NBA 2K7Shaquille O'Neal
90.6%
NBA 2K16Anthony Davis
89.5%
NBA 2K11Michael Jordan
89.4%
NBA 2K12Michael Jordan
89.4%
NBA 2K16Michael Jordan
89.4%
NBA 2K13Derrick Rose
88.2%
NBA 2K18Kyrie Irving
87.4%
NBA 2K17Paul George
86.8%
NBA 2K13Blake Griffin
85.7%
NBA 2K8Chris Paul
83.5%
NBA 2K9Kevin Garnett
83.1%
NBA 2K19Giannis Antetokounmpo
80%
NBA 2K5Ben Wallace
76.3%
NBA 2K12Larry Bird
67.4%
NBA 2K12Magic Johnson
65.8%

You're not logged in!

Compare scores with friends on all Sporcle quizzes.
OR
Log In

Sporcle TV

Today on Sporcle TV


Watch our educational content, quiz creation guides, and fun videos on Sporcle TV.

Show Comments

Extras

Top Quizzes Today


Score Distribution

Your Account Isn't Verified!

In order to create a playlist on Sporcle, you need to verify the email address you used during registration. Go to your Sporcle Settings to finish the process.

Report this User

Report this user for behavior that violates our Community Guidelines.

Details: